| 000 | 01270nac a22003977a 4500 | ||
|---|---|---|---|
| 001 | BR0704674 | ||
| 003 | BR-BrBNA | ||
| 005 | 20240105123456.0 | ||
| 008 | 230509b bl.|||m| |||| 00| 0 por d | ||
| 040 |
_aBR-BrBNA _bpor _cBiblioteca Nacional de Agricultura |
||
| 072 | _aP01; E10 | ||
| 090 | _aP01 BR0704674 | ||
| 110 | 1 |
_aInstituto de Planejamento Econômico e Social, Brasília, DF (Brasil). Inst. de Planejamento _96240 |
|
| 245 | 1 | _aAproveitamento atual e potencial dos cerrados: base física e potencialidades da região | |
| 260 | 3 |
_aBrasília, DF (Brasil): _c1973. |
|
| 300 | _a197 p. | ||
| 490 |
_aIPEA/IPLAN - Estudos para o Planejamento (Brazil) _vno. 2 _x |
||
| 500 | _a12 illus.; 31 ref.; Documento microfilmado e tratado BR6005305 | ||
| 650 | _aCERRADO | ||
| 650 | _aRECURSO NATURAL | ||
| 650 | _aSOLO | ||
| 650 | _aCLIMA | ||
| 650 | _aVEGETAÇÃO | ||
| 650 | _aTRANSPORTE | ||
| 650 | _aTELECOMUNICAÇÃO | ||
| 650 | _aENERGIA ELÉTRICA | ||
| 650 | _aPESQUISA | ||
| 650 | _aDESENVOLVIMENTO SOCIAL | ||
| 650 | _aDESENVOLVIMENTO ECONÔMICO | ||
| 650 | _aMINAS GERAIS | ||
| 650 | _aGOIÁS | ||
| 650 | _aMATO GROSSO | ||
| 650 | _aDISTRITO FEDERAL | ||
| 909 |
_a202312 _bLúcia Elande _c55 _dLúcia Elande |
||
| 942 |
_2AGRIS _n0 _cMS |
||
| 999 |
_c295633 _d295633 |
||